000 01245nac a22003131u 4500
010 _a 98051484
020 _a0521623553 (hardcover)
020 _a0521626021 (pbk.)
082 0 0 _a302.3
_bJUD
090 _c9247
_d9247
100 _a20080729
245 0 0 _aJudgment and decision making :
_ban interdisciplinary reader /
_cedited by Terry Connolly, Hal R. Arkes, Kenneth R. Hammond.
250 _a2nd ed.
260 _aCambridge, U.K. ;
_aNew York :
_bCambridge University Press,2000
_c2000.
300 _axviii, 786 p. ;
_c23 cm.
440 0 _aCambridge series on judgment and decision making
500 _adistributer: Al-Ahram
504 _aIncludes bibliographical references and indexes.
511 _acatalogued by: wessam
650 0 _aDecision making.
650 0 _aJudgment.
700 1 _aConnolly, Terry.
700 1 _aArkes, Hal R.,
_d1945-
700 1 _aHammond, Kenneth R.
856 4 1 _3Sample text
_uhttp://www.loc.gov/catdir/samples/cam032/98051484.html
856 4 1 _3Publisher description
_uhttp://www.loc.gov/catdir/description/cam029/98051484.html
856 4 1 _3Table of contents
_uhttp://www.loc.gov/catdir/toc/cam026/98051484.html
942 _cBB
_k302.3JUD
999 _c9247
_d9247